<?xml version='1.0' encoding='UTF-8'?>
  <record xmlns="http://www.loc.gov/MARC21/slim">
    <leader>00000cam a22000007i 4500</leader>
    <controlfield tag="001">ocm65358703</controlfield>
    <controlfield tag="003">OCoLC</controlfield>
    <controlfield tag="005">20250110154846.9</controlfield>
    <controlfield tag="008">900516s1673    ne            000 0 dut d</controlfield>
    <datafield tag="040" ind1=" " ind2=" ">
      <subfield code="a">NLGGC</subfield>
      <subfield code="b">dut</subfield>
      <subfield code="e">fobidrtb</subfield>
      <subfield code="c">NLGGC</subfield>
      <subfield code="d">OCLCO</subfield>
      <subfield code="d">OCLCL</subfield>
      <subfield code="d">OCLCQ</subfield>
    </datafield>
    <datafield tag="029" ind1="0" ind2=" ">
      <subfield code="a">NLGGC</subfield>
      <subfield code="b">061528064</subfield>
    </datafield>
    <datafield tag="035" ind1=" " ind2=" ">
      <subfield code="a">(OCoLC)65358703</subfield>
    </datafield>
    <datafield tag="100" ind1="1" ind2=" ">
      <subfield code="a">Henghel, Daniel van,</subfield>
      <subfield code="d">1618-1689.</subfield>
      <subfield code="1">https://id.oclc.org/worldcat/entity/E39PCjCrWgD8K8YJgmwjGYXgYX</subfield>
    </datafield>
    <datafield tag="245" ind1="1" ind2="4">
      <subfield code="a">Het afkeer ende de bitterheyt over't verschil der religie gematicht ende recht bestiert :</subfield>
      <subfield code="b">mitsgaders medelijden met de dwalende ende sachtmoedige onderwijsinge der selve /</subfield>
      <subfield code="c">door Daniel van Henghel ..</subfield>
    </datafield>
    <datafield tag="260" ind1=" " ind2=" ">
      <subfield code="a">t'Utrecht :</subfield>
      <subfield code="b">by Johannes van Paddenburgh en Willem Clerck ...,</subfield>
      <subfield code="c">1673.</subfield>
    </datafield>
    <datafield tag="300" ind1=" " ind2=" ">
      <subfield code="a">VIII, 44 p. ;</subfield>
      <subfield code="c">in-4.</subfield>
    </datafield>
    <datafield tag="336" ind1=" " ind2=" ">
      <subfield code="a">tekst</subfield>
      <subfield code="b">txt</subfield>
      <subfield code="2">rdacontent/dut</subfield>
    </datafield>
    <datafield tag="337" ind1=" " ind2=" ">
      <subfield code="a">zonder medium</subfield>
      <subfield code="b">n</subfield>
      <subfield code="2">rdamedia/dut</subfield>
    </datafield>
    <datafield tag="338" ind1=" " ind2=" ">
      <subfield code="a">band</subfield>
      <subfield code="b">nc</subfield>
      <subfield code="2">rdacarrier/dut</subfield>
    </datafield>
    <datafield tag="500" ind1=" " ind2=" ">
      <subfield code="a">Collatieformule: A-F 4 G 2.</subfield>
    </datafield>
    <datafield tag="500" ind1=" " ind2=" ">
      <subfield code="a">Daniel van den Henghel (1618-1689), Tegen de Roomsche kerk.</subfield>
    </datafield>
    <datafield tag="510" ind1="0" ind2=" ">
      <subfield code="a">Knuttel 11017</subfield>
    </datafield>
    <datafield tag="510" ind1="0" ind2=" ">
      <subfield code="a">Rogge II, 1, 166</subfield>
    </datafield>
    <datafield tag="530" ind1=" " ind2=" ">
      <subfield code="a">Titel is geselecteerd voor digitalisering voor de Universiteit van Amsterdam in het kader van het Google Books-project.</subfield>
    </datafield>
    <datafield tag="700" ind1="1" ind2=" ">
      <subfield code="a">Paddenburgh, Johannes van</subfield>
      <subfield code="c">Utrecht.</subfield>
      <subfield code="4">prt</subfield>
      <subfield code="0">(NL-LeOCL)077176499</subfield>
    </datafield>
    <datafield tag="700" ind1="1" ind2=" ">
      <subfield code="a">Clerck, Willem</subfield>
      <subfield code="c">Utrecht.</subfield>
      <subfield code="4">prt</subfield>
      <subfield code="0">(NL-LeOCL)088390918</subfield>
    </datafield>
    <datafield tag="758" ind1=" " ind2=" ">
      <subfield code="a">Het afkeer ende de bitterheyt over 't verschil der religie gematicht ende recht bestiert (Text)</subfield>
      <subfield code="1">https://id.oclc.org/worldcat/entity/E39PD3y3j4rTmJ33CV49jfkftq</subfield>
      <subfield code="4">https://id.oclc.org/worldcat/ontology/hasWork</subfield>
    </datafield>
    <datafield tag="776" ind1="0" ind2=" ">
      <subfield code="t">Het afkeer ende de bitterheyt over't verschil der religie gematicht ende recht bestiert</subfield>
      <subfield code="w">(NL-LeOCL)396701698</subfield>
    </datafield>
    <datafield tag="776" ind1="0" ind2=" ">
      <subfield code="t">Het afkeer ende de bitterheyt over't verschil der religie gematicht ende recht bestiert</subfield>
      <subfield code="w">(NL-LeOCL)40694959X</subfield>
    </datafield>
    <datafield tag="776" ind1="0" ind2=" ">
      <subfield code="t">Het afkeer ende de bitterheyt over't verschil der religie gematicht ende recht bestiert</subfield>
      <subfield code="w">(NL-LeOCL)406949603</subfield>
    </datafield>
    <datafield tag="776" ind1="0" ind2=" ">
      <subfield code="t">Het afkeer ende de bitterheyt over't verschil der religie gematicht ende recht bestiert</subfield>
      <subfield code="w">(NL-LeOCL)431522006</subfield>
    </datafield>
    <datafield tag="856" ind1="4" ind2="2">
      <subfield code="y">Short Title Catalogue, Netherlands</subfield>
      <subfield code="u">http://resolver.kb.nl/resolve?urn=STCN:840640420:record</subfield>
      <subfield code="z">zie de oorspronkelijke beschrijving bij de STCN voor mogelijk overige vindplaatsen</subfield>
      <subfield code="7">0</subfield>
    </datafield>
    <datafield tag="936" ind1=" " ind2=" ">
      <subfield code="a">BATCHLOAD</subfield>
    </datafield>
  </record>